BIBLIOTECA “JULIO CORTÁZAR”
ESCUELA AGROTÉCNICA “LIBERTADOR GENERAL SAN MARTÍN” - UNR – CASILDA

Logo Escuela Logo UNR

Física Elemental : (Record no. 426)

MARC details
000 -LEADER
campo de control de longitud fija 00851nam#a22003135a#4500
001 - NÚMERO DE CONTROL
campo de control 426
008 - DATOS DE LONGITUD FIJA--INFORMACIÓN GENERAL
campo de control de longitud fija 060928s19581958ag#a###d######001#0bspa#d
080 ## - NÚMERO DE LA CLASIFICACIÓN DECIMAL UNIVERSAL
Número de la Clasificación Decimal Universal 535.21
084 ## - OTRO NÚMERO DE CLASIFICACIÓN
Número de clasificación F38
040 ## - FUENTE DE CATALOGACIÓN
Centro catalogador/agencia de origen AR-ClEAG
Centro/agencia transcriptor AR-ClEAG
005 - FECHA Y HORA DE LA ÚLTIMA TRANSACCIÓN
campo de control 20241107184635.0
003 - IDENTIFICADOR DE NÚMERO DE CONTROL
campo de control AR-ClEAG
100 1# - ENTRADA PRINCIPAL--NOMBRE DE PERSONA
Nombre de persona Fernandez, José S.
245 10 - MENCIÓN DEL TÍTULO
Título Física Elemental :
Resto del título Optica-Magnetismo - Electricidad /
Mención de responsabilidad, etc. José S. Fernandez.
250 ## - MENCION DE EDICION
Mención de edición 5ª ed.
260 ## - PUBLICACIÓN, DISTRIBUCIÓN, ETC.
Lugar de publicación, distribución, etc. Buenos Aires :
Nombre del editor, distribuidor, etc. Nigar,
Fecha de publicación, distribución, etc. 1958.
300 ## - DESCRIPCIÓN FÍSICA
Extensión 520 p. :
Otras características físicas il., graf ;
Dimensiones 23 cm.
521 ## - NOTA DE PÚBLICO DESTINATARIO
Nota de público destinatario Escuelas y colegios de enseñanza media ;
653 ## - TÉRMINO DE INDIZACIÓN--NO CONTROLADO
Término no controlado Física
653 ## - TÉRMINO DE INDIZACIÓN--NO CONTROLADO
Término no controlado Fotometría
653 ## - TÉRMINO DE INDIZACIÓN--NO CONTROLADO
Término no controlado Espejos
653 ## - TÉRMINO DE INDIZACIÓN--NO CONTROLADO
Término no controlado Polarización-inteferencias
653 ## - TÉRMINO DE INDIZACIÓN--NO CONTROLADO
Término no controlado Radiación
653 ## - TÉRMINO DE INDIZACIÓN--NO CONTROLADO
Término no controlado Magnetismo
653 ## - TÉRMINO DE INDIZACIÓN--NO CONTROLADO
Término no controlado Oscilaciones
653 ## - TÉRMINO DE INDIZACIÓN--NO CONTROLADO
Término no controlado Fundamentos de la óptica
700 1# - ENTRADA AGREGADA--NOMBRE PERSONAL
Nombre de persona Galloni, Ernesto E.
942 ## - ELEMENTOS DE ENTRADA SECUNDARIOS (KOHA)
Tipo de ítem Koha Libros
980 ## - EQUIVALENCIA O REFERENCIA-CRUZADA-MENCIÓN DE SERIE--NOMBRE DE PERSONA/TÍTULO [LOCAL, CANADÁ]
Enlace 2
Nombre de persona Evangelina Gallicchio
Enlace entre campo y número de secuencia 2
Información miscelánea Evangelina Gallicchio
Holdings
Estatus retirado Estado de pérdida Fuente del sistema de clasificación o colocación Estado de daño No para préstamo Biblioteca de origen Biblioteca actual Ubicación en estantería Fecha de adquisición Número de inventario Total de préstamos Signatura topográfica completa Código de barras Visto por última vez Precio de reemplazo Tipo de ítem Koha
    Clasificación decimal universal     Julio Cortázar Julio Cortázar   07/11/2024 516   R07 535.21 F38 1 Ej.1 516 07/11/2024 07/11/2024 Libros

Contacto

Biblioteca Julio Cortázar. Escuela Agrotécnica "Libertador San Martín". Universidad Nacional de Rosario
Dirección: Ov. Lagos 1000 - 2170 Casilda - Santa Fe - Argentina
Tel: (54) (03464) 422226.
Fax: (54) (03464) 427789.
E-Mail: biblio-eac@unr.edu.ar